<?xml version="1.0" encoding="UTF-8"?>
<record
    xmlns:xsi="http://www.w3.org/2001/XMLSchema-instance"
    xsi:schemaLocation="http://www.loc.gov/MARC21/slim http://www.loc.gov/standards/marcxml/schema/MARC21slim.xsd"
    xmlns="http://www.loc.gov/MARC21/slim">

  <leader>00923nac a22002051u 4500</leader>
  <controlfield tag="008">101221s1994    xxu||||| |||| 00| 0 ara d</controlfield>
  <datafield tag="082" ind1=" " ind2=" ">
    <subfield code="a">333.82</subfield>
    <subfield code="b">&#x634; &#x645; &#x639;</subfield>
  </datafield>
  <datafield tag="100" ind1="1" ind2=" ">
    <subfield code="a">&#x634;&#x645;&#x639;&#x647; &#x60C; &#x645;&#x62D;&#x645;&#x648;&#x62F; &#x639;&#x644;&#x649;</subfield>
    <subfield code="9">21619</subfield>
  </datafield>
  <datafield tag="245" ind1=" " ind2=" ">
    <subfield code="a">&#x623;&#x646;&#x648;&#x627;&#x639; &#x627;&#x644;&#x637;&#x627;&#x642;&#x629; &#x648;&#x62A;&#x62D;&#x648;&#x64A;&#x644;&#x627;&#x62A;&#x647;&#x627; /</subfield>
    <subfield code="c">&#x645;&#x62D;&#x645;&#x648;&#x62F; &#x639;&#x644;&#x649; &#x634;&#x645;&#x639;&#x647;</subfield>
  </datafield>
  <datafield tag="260" ind1=" " ind2=" ">
    <subfield code="a">[&#x62F; . &#x645;] :</subfield>
    <subfield code="b">[&#x62F; . &#x646;] &#x60C;</subfield>
    <subfield code="c">1994.</subfield>
  </datafield>
  <datafield tag="300" ind1=" " ind2=" ">
    <subfield code="a">359 &#x635; :</subfield>
    <subfield code="b">&#x627;&#x64A;&#x636; &#x61B;</subfield>
    <subfield code="c">24 &#x633;&#x645;.</subfield>
  </datafield>
  <datafield tag="504" ind1=" " ind2=" ">
    <subfield code="a">&#x64A;&#x634;&#x62A;&#x645;&#x644; &#x639;&#x644;&#x649; &#x628;&#x628;&#x644;&#x64A;&#x648;&#x62C;&#x631;&#x627;&#x641;&#x64A;&#x629; &#x635; 355</subfield>
  </datafield>
  <datafield tag="650" ind1=" " ind2=" ">
    <subfield code="a">&#x645;&#x635;&#x627;&#x62F;&#x631; &#x627;&#x644;&#x637;&#x627;&#x642;&#x629;</subfield>
    <subfield code="9">21376</subfield>
  </datafield>
  <datafield tag="650" ind1=" " ind2=" ">
    <subfield code="a">&#x627;&#x644;&#x637;&#x627;&#x642;&#x629; &#x627;&#x644;&#x634;&#x645;&#x633;&#x64A;&#x629;</subfield>
    <subfield code="9">20254</subfield>
  </datafield>
  <datafield tag="650" ind1=" " ind2=" ">
    <subfield code="a">&#x627;&#x644;&#x637;&#x627;&#x642;&#x629; &#x627;&#x644;&#x643;&#x647;&#x631;&#x628;&#x627;&#x626;&#x64A;&#x629;</subfield>
    <subfield code="9">17540</subfield>
  </datafield>
  <datafield tag="650" ind1=" " ind2=" ">
    <subfield code="a">&#x627;&#x644;&#x637;&#x627;&#x642;&#x629; &#x627;&#x644;&#x646;&#x648;&#x648;&#x64A;&#x629;</subfield>
    <subfield code="9">21965</subfield>
  </datafield>
  <datafield tag="650" ind1=" " ind2=" ">
    <subfield code="a">&#x627;&#x644;&#x637;&#x627;&#x642;&#x629; &#x627;&#x644;&#x646;&#x648;&#x648;&#x64A;&#x629;</subfield>
    <subfield code="9">21965</subfield>
  </datafield>
  <datafield tag="942" ind1=" " ind2=" ">
    <subfield code="c">BB</subfield>
    <subfield code="k">333.82 &#x634; &#x645; &#x639;</subfield>
    <subfield code="2">ddc</subfield>
  </datafield>
  <datafield tag="999" ind1=" " ind2=" ">
    <subfield code="c">6515</subfield>
    <subfield code="d">6515</subfield>
  </datafield>
  <datafield tag="952" ind1=" " ind2=" ">
    <subfield code="0">0</subfield>
    <subfield code="1">0</subfield>
    <subfield code="2">ddc</subfield>
    <subfield code="4">0</subfield>
    <subfield code="7">0</subfield>
    <subfield code="8">Alef-Baa</subfield>
    <subfield code="a">MAIN</subfield>
    <subfield code="b">MAIN</subfield>
    <subfield code="c">1ST</subfield>
    <subfield code="d">2011-01-13</subfield>
    <subfield code="e">purchase</subfield>
    <subfield code="o">333.82 &#x634; &#x645; &#x639;</subfield>
    <subfield code="p">000007953</subfield>
    <subfield code="r">2025-07-15 00:00:00</subfield>
    <subfield code="y">BB</subfield>
  </datafield>
</record>
